| 000 | 01106nam0a22002771 4500 | ||
|---|---|---|---|
| 001 | v19\rc\1710411 | ||
| 005 | 20250619053955.0 | ||
| 035 | _a(NLR Aleph) 004843236 | ||
| 090 |
_a4844441 _c4844441 |
||
| 100 | _a20061002d1899 |||y0rusy50 ca | ||
| 101 | 0 | _arus | |
| 102 | _aRU | ||
| 105 | _ay z ||||| | ||
| 200 | 1 |
_aПрактическое руководство к изучению элементарных понятий о музыке _eСост. к употреблению в инструм. классах учеб. заведений _f[Соч.] Вл. Зах. Попова (Владимова) |
|
| 210 |
_aСанкт-Петербург _cтип. А.М. Менделевича _d1899 |
||
| 215 |
_a26 с. _d22 |
||
| 700 | 1 |
_aПопов _bВ. З. _cкомпозитор, дирижёр _gВладимир Захарович _9258840 _3RU\NLR\AUTH\770258896 |
|
| 790 | 1 | _aВладимов | |
| 801 | 0 |
_aRU _bNLR _gpsbo |
|
| 801 | 0 |
_aRU _bRuMoRGB _2psbo |
|
| 801 | 1 |
_aRU _bProSoft-M _2rusmarc |
|
| 852 |
_aNLR _j18.218.5.565 |
||
| 899 |
_aRuMoRGB _jS 36/421 |
||
| 942 | _cBOOK | ||
| 980 | _aNB | ||